[Event "SVK-chT3A2 2122"]
[Site "Slovakia"]
[Date "2021.10.24"]
[Round "2.7"]
[White "Petko, Marek"]
[Black "Machovicova, Alexandra"]
[Result "1-0"]
[WhiteElo "1391"]
[BlackElo "1212"]
[PlyCount "57"]
[EventDate "2021.10.10"]
[EventType "team-tourn"]
[EventRounds "11"]
[EventCountry "SVK"]
[SourceTitle "EXT 2023"]
[Source "ChessBase"]
[SourceDate "2022.10.05"]
[SourceVersion "1"]
[SourceVersionDate "2022.10.05"]
[SourceQuality "1"]
[WhiteTeam "Modranka Komplet"]
[BlackTeam "Modranka Komplet II"]
[WhiteTeamCountry "SVK"]
[BlackTeamCountry "SVK"]

1. d4 d5 2. c4 dxc4 3. Qa4+ Bd7 4. Qxc4 Nc6 5. e3 Nf6 6. Nf3 e6 7. a3 Be7 8. Bd3 0-0 9. 0-0 h6 10. b4 a6 11. Bb2 Re8 12. Nbd2 b5 13. Qc2 Bd6 14. h3 e5 15. Ne4 Nxe4 16. Bxe4 a5 17. Bxc6 Bxc6 18. Qxc6 Qb8 19. Rac1 Qb6 20. Qxb6 cxb6 21. Rc6 Red8 22. Rxb6 Rab8 23. Rxb8 Rxb8 24. Nxe5 Bxe5 25. dxe5 axb4 26. axb4 Rc8 27. Rc1 Rc4 28. Rxc4 bxc4 29. b5 1-0